Movies Quiz

Random Movies or Clickable Quiz

Fantasy Movie Match-Up Quiz Stats

 Plays Quiz Updated Nov 30, 2015

Challenge
Share
Tweet
Embed
Score 0/25 Timer 06:00
0 Plays Today
% Correct
Lord of the Rings: The Fellowship of the Ring
98.3%
Jumanji
96.8%
Pirates of the Caribbean: The Curse of the Black Pearl
96.5%
The Wizard of Oz
91.9%
Monty Python and the Holy Grail
86.7%
Percy Jackson & the Olympians: The Lightning Thief
81.7%
Van Helsing
78.3%
Where the Wild Things Are
72.9%
Hellboy
71.9%
Maleficent
70.9%
Oz the Great and Powerful
68.7%
Conan the Barbarian
68.3%
The NeverEnding Story
62.6%
% Correct
Bridge to Terabithia
62.2%
Stardust
60.7%
Big Fish
58.7%
The Golden Compass
57.5%
Army of Darkness
56.8%
Alice in Wonderland (2010)
54.7%
Labyrinth
54.4%
Coraline
52.8%
Inkheart
52.2%
Pan's Labyrinth
47%
Red Sonja
38.5%
Legend
24.2%

You're not logged in!

Compare scores with friends on all Sporcle quizzes.
Join for Free
OR
Log In

You Might Also Like...

Show Comments

Extras

Top Quizzes Today


Score Distribution

Your Account Isn't Verified!

In order to create a playlist on Sporcle, you need to verify the email address you used during registration. Go to your Sporcle Settings to finish the process.

Report this User

Report this user for behavior that violates our Community Guidelines.

Details: